| 000 | 00492nam a22002177a 4500 | ||
|---|---|---|---|
| 003 | UA-OsUOA | ||
| 001 | 48021 | ||
| 007 | ta | ||
| 008 | 20070827b un ||||| |||| 00| 0 ukr d | ||
| 090 |
_a323 _bМ34 |
||
| 942 | _cBK | ||
| 040 |
_aUA-OsUOA _brus _cUA-OsUOA _dUA-OsUOA |
||
| 245 | _aМатериалы 26 сьезда КПСС | ||
| 300 | _a222 с. | ||
| 955 | _a1 | ||
| 041 | _arus | ||
| 080 | _a323 | ||
| 260 |
_aМ. _bПолитиздат _c1981 |
||
| 650 | 7 | _2UDC | |
| 999 |
_c334131 _d334131 |
||